| 000 | 00568nam a2200217Ia 4500 | ||
|---|---|---|---|
| 003 | OSt | ||
| 005 | 20221006151452.0 | ||
| 006 | a|||||r|||| 00| 0 | ||
| 007 | ta | ||
| 008 | 221006b |||||||| |||| 00| 0 eng d | ||
| 024 | _a22,227 | ||
| 037 | _cTextual | ||
| 040 |
_aEASL _cEASL _beng |
||
| 041 |
_2eng _aeng |
||
| 100 | _aHINTON Harold C | ||
| 245 | 0 |
_aChina's foreign policy _b Recent developments |
|
| 260 |
_aIllinois _bSouthern Illinois University _c1973 |
||
| 300 |
_a20p. _ccm. |
||
| 942 |
_cTEXL _2CC |
||
| 999 |
_c1090313 _d1090313 |
||